Carregant...

Theory and problems of advanced calculus /

Dades bibliogràfiques
Autor principal: Wrede, Robert C.
Altres autors: Spiegel, Murray
Format: Printed Book
Idioma:English
Publicat: New Delhi : Tata McGraw-Hill Education, 2010.
Edició:2nd. ed.
Col·lecció:Schaum's Outlines
Matèries:
LEADER 00739nam a2200205Ia 4500
008 150624b xxu||||| |||| 00| 0 eng d
082 |a 515 
100 |a Wrede, Robert C. 
245 |a Theory and problems of advanced calculus /  |c Robert C. Wrede 
250 |a 2nd. ed. 
260 |a New Delhi :  |b Tata McGraw-Hill Education,  |c 2010. 
300 |a 433 p. 
490 |a Schaum's Outlines 
505 |a CONTENTS:1)Numbers 2)Sequences 3)Derivatives 4)Integrals 5)Functions of a complex variable 
650 |x Calculus. 
653 |a Calculus 
700 |a Spiegel, Murray 
942 |c BK 
999 |c 58872  |d 58872 
952 |0 0  |1 0  |4 0  |6 515_000000000000000_WRE_A  |7 0  |9 58849  |a UL  |b UL  |c ST1  |d 2012-10-27  |l 6  |o 515 WRE/A  |p 84694  |r 2018-01-19  |s 2017-12-19  |w 2012-10-27  |y BK